Pseudonyms and nicknames dictionary /

"A guide to pseudonyms, pen names, nicknames, epithets, stage names, cognomens, aliases, and sobriquets of twentieth-century persons, including the subjects' real names, basic biographical information, and citations for the sources from which the entries were compiled. Covers authors, spor...

Full description

Bibliographic Details
Other Authors: Mossman, Jennifer
Format: Book
Language:English
Published: Detroit, Mich. : Gale Research Co., ©1980.
Edition:1st ed.
Subjects:
Online Access:French equivalent / Équivalent français

MARC

Tag First Indicator Second Indicator Subfields
LEADER 00000cam a2200000 i 4500
001 in00000051092
005 20230822112323.0
008 800319s1980 miu d 000 0ceng
010 |a  80013274  
016 |a (AMICUS)000001439982 
019 |a 8526027  |a 1017277512 
020 |a 0810305496 
020 |a 9780810305496 
029 1 |a AU@  |b 000001699007 
029 1 |a GBVCP  |b 040406636 
029 1 |a NLC  |b 000001439982 
029 1 |a NZ1  |b 100862 
029 1 |a NZ1  |b 3569270 
029 1 |a UKBCI  |b 052235173 
029 1 |a UKBNS  |b 052235173 
029 1 |a UKSCO  |b 052235173 
029 1 |a UKSGC  |b 052235173 
029 1 |a UKSOM  |b 052235173 
029 1 |a UNITY  |b 052235173 
029 1 |a ZWZ  |b 019707061 
035 |a (OCoLC)ocm06195164  
035 |a (OCoLC)6195164  |z (OCoLC)8526027  |z (OCoLC)1017277512 
035 |a (OCoLC)ocm06195164  
040 |a DLC  |b eng  |c DLC  |d OCLCQ  |d MUQ  |d NLGGC  |d BTCTA  |d NLE  |d CKL  |d OCLCO  |d OCLCF  |d OCLCQ  |d OCLCO  |d OCLCQ  |d OCL  |d KPLCP  |d OCLCQ  |d NLC  |d CSJ  |d OCLCQ  |d XFF  |d GILDS  |d JDP  |d OCLCO  |d OCL  |d CBA  |d OCLCO  |d OCLCQ  |d OCLCO 
050 0 0 |a CT120  |b .P8 
055 1 |a CT120.P8 
072 7 |a coll2  |2 lacc 
082 0 0 |a 920/.02  |2 19 
084 |a coll2  |2 lacc 
245 0 0 |a Pseudonyms and nicknames dictionary /  |c Jennifer Mossman, editor. 
250 |a 1st ed. 
260 |a Detroit, Mich. :  |b Gale Research Co.,  |c ©1980. 
300 |a xvi, 627 pages ;  |c 29 cm 
336 |a text  |b txt  |2 rdacontent 
337 |a unmediated  |b n  |2 rdamedia 
338 |a volume  |b nc  |2 rdacarrier 
520 |a "A guide to pseudonyms, pen names, nicknames, epithets, stage names, cognomens, aliases, and sobriquets of twentieth-century persons, including the subjects' real names, basic biographical information, and citations for the sources from which the entries were compiled. Covers authors, sports figures, entertainers, politicians, military leaders, underworld figures, religious leaders, and other contemporary personalities." 
650 0 |a Biography  |y 20th century  |v Dictionaries. 
650 0 |a Anonyms and pseudonyms. 
650 0 |a Nicknames  |v Dictionaries. 
650 0 |a Biography  |y 20th century. 
650 0 |a Nicknames. 
650 2 |a Anonyms and Pseudonyms 
650 6 |a Biographies  |y 20e siècle. 
650 6 |a Pseudonymes. 
650 6 |a Surnoms. 
650 7 |a Anonyms and pseudonyms.  |2 fast  |0 (OCoLC)fst00809866 
650 7 |a Biography.  |2 fast  |0 (OCoLC)fst00832149 
650 7 |a Nicknames.  |2 fast  |0 (OCoLC)fst01037529 
650 1 7 |a Pseudoniemen.  |2 gtt 
650 1 7 |a Bijnamen.  |2 gtt 
648 7 |a 1900-1999  |2 fast 
655 2 |a Dictionary 
655 2 |a Biography 
655 7 |a dictionaries.  |2 aat 
655 7 |a Biographies.  |2 fast  |0 (OCoLC)fst01919896 
655 7 |a Dictionaries.  |2 fast  |0 (OCoLC)fst01423826 
655 7 |a Dictionaries.  |2 lcgft 
655 7 |a Biographies.  |2 lcgft 
655 7 |a Dictionnaires.  |2 rvmgf 
655 7 |a Biographies.  |2 rvmgf 
700 1 |a Mossman, Jennifer. 
856 4 2 |3 French equivalent / Équivalent français  |u https://bac-lac.on.worldcat.org/oclc/1032873435  |t 0 
938 |a Baker and Taylor  |b BTCP  |n 80013274 
948 |h NO HOLDINGS IN TXA - 586 OTHER HOLDINGS 
994 |a Z0  |b TXA 
999 f f |s e33f8d91-2385-3c16-b6a2-1846499abc89  |i 480fa39f-9c3b-3130-b363-75abc58cc228  |t 0 
952 f f |p ric  |a Texas A&M University  |b Rellis Campus  |c Joint Library Facility  |s JLF  |d Remote Storage  |t 0  |e CT120 .P8 1982  |h Library of Congress classification  |i unmediated -- volume  |m A14805923195